15 Ciudades más pobladas de América (con un mapa) - Estadísticas

Estadísticas generales
  • Esta prueba ha sido intentada 2.419 veces
  • La puntuación promedio es 13 de 15
Respuestas en el mapa
Las respuestas están codificadas por una escala verde-roja en el mapa de la prueba según el % correcto abajo.
 
Estadísticas de respuestas
Población Ciudad % Correcto
16,8 M Buenos Aires
99%
25,4 M Ciudad de México
99%
21,8 M Nueva York
97%
10,6 M Bogotá
96%
12,0 M Lima
96%
13,6 M Río de Janeiro
96%
8,40 M Santiago
96%
17,1 M Los Ángeles
93%
22,6 M Sao Paulo
89%
9,60 M Chicago
79%
7,50 M San Francisco
78%
8,65 M Washington
76%
7,70 M Boston
66%
7,80 M Dallas
64%
7,85 M Toronto
64%
No se encontraron pruebas coincidentes
Distribución de puntuación
Porcentaje de gente con cada puntuación
Porcentaje por número respondido
Historial de tus puntuaciones
No has intentado esta prueba.